000 00303nam a2200121Ia 4500
008 220214s9999 xx 000 0 und d
100 _aPopper Karl
245 0 _aNatural selection and the emergence of mind
260 _bDialectica
_c1978
300 _a339-355
650 _aDarwin lecture
942 _cRE
999 _c45425
_d45425